MAASAI MARA UNIVERSITY

LIBRARY CATALOGUE

Contact Us: +254 020 2685356/7 or 0774 057787

Box: 861-20500, NAROK, KENYA

Email: info@mmarau.ac.ke

Tourisme. com / (Record no. 33258)

MARC details
000 -LEADER
fixed length control field 00590nam a22001937a 4500
003 - CONTROL NUMBER IDENTIFIER
control field OSt
005 - DATE AND TIME OF LATEST TRANSACTION
control field 20241203121251.0
008 - FIXED-LENGTH DATA ELEMENTS--GENERAL INFORMATION
fixed length control field 241203b |||||||| |||| 00| 0 eng d
020 ## - INTERNATIONAL STANDARD BOOK NUMBER
International Standard Book Number 9782090331745
040 ## - CATALOGING SOURCE
Original cataloging agency MMARA-U
Language of cataloging eng
Transcribing agency MMARA-U
Modifying agency MMARA-U
050 ## - LIBRARY OF CONGRESS CALL NUMBER
Classification number G 583 .C673 2004
100 ## - MAIN ENTRY--PERSONAL NAME
Personal name Corbeau Sophie,
9 (RLIN) 2280
245 ## - TITLE STATEMENT
Title Tourisme. com /
Statement of responsibility, etc. Sophie Corbeau, Chantal Dubois, Jean-Luc Penfornis,
260 ## - PUBLICATION, DISTRIBUTION, ETC. (IMPRINT)
Place of publication, distribution, etc. Paris :
Name of publisher, distributor, etc. CLE International,
Date of publication, distribution, etc. 2004.
300 ## - PHYSICAL DESCRIPTION
Extent 127 pages ;
Other physical details Illustrations,
700 ## - ADDED ENTRY--PERSONAL NAME
Personal name Dubois Chantal
9 (RLIN) 2281
700 ## - ADDED ENTRY--PERSONAL NAME
Personal name Penfornis Jean-Luc
9 (RLIN) 2279
942 ## - ADDED ENTRY ELEMENTS (KOHA)
Source of classification or shelving scheme Library of Congress Classification
Koha item type L
Holdings
Withdrawn status Lost status Source of classification or shelving scheme Damaged status Not for loan Home library Current library Date acquired Source of acquisition Total Checkouts Full call number Barcode Date last seen Price effective from Koha item type
    Library of Congress Classification     Maasai Mara University Library -Main Campus Maasai Mara University Library -Main Campus 12/03/2024 Donation   G 583 .C673 2004 24040428 12/03/2024 12/03/2024 L
© 2016 Maasai Mara University.